Benin Departments Quiz - Statistics

General Stats
  • This quiz has been taken 14 times
  • The average score is 8 of 12
Answer Stats
Capital Department % Correct
Ouidah Atlantique
100%
Cotonou Littoral
86%
Sakété Plateau
86%
Abomey Zou
86%
Kandi Alibori
71%
Savalou Collines
71%
Lokossa Mono
71%
Parakou Borgou
57%
Porto-Novo Ouémé
57%
Natitingou Atacora
43%
Djougou Donga
43%
Dogbo-Tota Couffo
29%
No matching quizzes found
Score Distribution
Percent of People with Each Score
Percentile by Number Answered
Your Score History
You have not taken this quiz